000
00251nam a22000857a 4500
008
160630b xxu||||| |||| 00| 0 eng d
100
_9
1494
_a
Sharma, V.D
245
_a
Introduction to Physical and Health Education - XII
260
_a
New Delhi
_b
Avichal
_c
2003
999
_c
1242
_d
1242